Compendex : January - September, 1997

Citations with abstracts to worldwide literature in engineering and technology, excluding patents

Sparad:
Bibliografiska uppgifter
Materialtyp: Bok
Språk:Undetermined
Publicerad: Hoboken (N.J.) Engineering Information, Inc. 1997
Ämnen:
Taggar: Lägg till en tagg
Inga taggar, Lägg till första taggen!
Thư viện lưu trữ: Trung tâm Học liệu Trường Đại học Cần Thơ
LEADER 00670nam a2200193Ia 4500
001 CTU_29381
008 210402s9999 xx 000 0 und d
082 |a 620 
082 |b C737 
245 0 |a Compendex : 
245 0 |b January - September, 1997 
260 |a Hoboken (N.J.) 
260 |b Engineering Information, Inc. 
260 |c 1997 
520 |a Citations with abstracts to worldwide literature in engineering and technology, excluding patents 
650 |a Công nghệ,Kỹ thuật,Engineering,Technology 
650 |x Tóm tắt,Tóm tắt,Abstracts,Abstracts 
904 |i Minh, 990331 
980 |a Trung tâm Học liệu Trường Đại học Cần Thơ